000 00814nam a2200313Ia 4500
001 28349
005 20240114001044.0
007 ta
008 060607s g b000 u 465 u
040 _aCotton College,Assam
041 _a465
082 _a181.409
_bB 419 H
100 _aRanade, R.D .
245 0 _aHistory of Indian Philosophy /
_cR.D.Ranade.
_hTextual Documents
250 _a1st ed. /
260 _aPoona :
_bAryabhusan Press ,
_cNd.
300 _a8v.,493p. ;
_c22cm.
362 _aVol. 7-
504 _aIndex
653 _aHistory-Indian Philosophy
653 _aIndian Philosophy-History
653 _aPhilosophy-India
653 _aIndian Mysticism
653 _aG-Philosophy
942 _2ddc
_cBK
999 _c28331
_d28331